000 00409nam a22001697a 4500
003 CEME
005 20210628210411.0
008 210216b xxu||||| |||| 00| 0 eng d
040 _c.
082 _a891.4393 WAS
100 _aWasif Ali Wasif
_92946
245 _aHerf herf haqeeqat
260 _aLAHORE
_bKASHIF BROTHERS
_c1994
300 _a271P
650 _aURDU ADAB-MAZAMINE
_979228
942 _cBK
_2ddc
999 _c584279
_d584279